00739 2200241 4500001002100000005001500021035002000036007000300056008004100059020002200100082001400122084002000136100003700156245017300193250001300366260003200379300002500411650002100436990001000457990001000467990001000477990001000487INLIS00000000000037420170926112712 a0010-0917000360ta170926 f i ind  a978-979-1254-00-7 a297.122.6 a297.122.6 ABD t0 aAbdurrahman bin Nashir As Sa'adi1 aTafsir Al Qur'an Jilid 4 :bSurat : Ar Ra'd, Ibrahim, Al Hijr, An Nahl, Al Isra', Al Kahf, Maryam, Thaha, Al Anbiya', Al Hajj /cSyaikh Abdurrahman bin Nashir As Sa'adi aCet VIII aJakarta :bDarul Haq,c2016 a716hlm ;c15 x 24 cm aTafsir Al Qur'an a6127a a6127b a6127c a6127d